000 00607nam a2200193 a 4500
001 000260964
003 AM-YeHGA
005 20250707105945.0
008 030910s1965 le 000 | arm d
040 _aAM-YeHGA
041 0 _aarm
100 1 _aԳարաճյան, Երվանդ
245 1 0 _aԱյբ Բեն Գիմի հրաշքը :
_bԹատերախաղ /
_cԵ. Գարաճեան.
260 _aՊէյրութ :
_bտպ. Սեւան,
_c1965.
300 _a48 էջ ;
_c23 սմ.
500 _aԸնծայագրով
650 1 4 _aՀայ գրականություն
_xԹատերգություն
942 _2udc
_cBK
999 _c533929
_d533929